000 00939nam a22002535i 4500
001 17767218
003 OSt
005 20180117090008.0
008 130606s2013 ctu 000 0 eng
010 _a 2013942358
020 _a9780300201208 (cl)
040 _aDLC
_beng
_erda
_cDLC
042 _apcc
100 1 _aMarsh, David.
245 1 0 _aEurope's deadlock :
_bhow the euro crisis could be solved - and why it won't happen /
_cDavid Marsh.
260 _aLondon
_bYale university press
_c2013
263 _a1306
300 _a130p
906 _a0
_bibc
_corignew
_d2
_eepcn
_f20
_gy-gencatlg
942 _2ddc
_cBK
999 _c3522
_d3522